عرض عادي
عرض مارك
- Israel
مدخل إسم جغرافي
001 - رقم الضبط
- حقل الضبط: 8299
003 - معرف رقم الضبط
- حقل الضبط: OSt
005 - تاريخ ووقت أخر عملية
- حقل الضبط: 20111214105253.0
008 - عناصر بيانات ثابتة الطول
- حقل تحكم ثابت الطول: 111214|||a|||||| | ||| d
040 ## - مصدر الفهرسة
- هيئة الفهرسة الأصلية: OSt
- وكالة الكتابة: OSt
151 ## - مدخل-- مصطلح تاريخي
- اسم جغرافي: Israel
- تفريع عام: In literature.
670 ## - بيانات المصدر موجوده
- الاستشهاد بالمصدر: Work cat.: (OSt)0: Guibbory, Achsah, 1945- 8294, Christian identity, Jews, and Israel in seventeenth-century England /, 2010.
